東京六大学出身の現役選手(2026) - Statistics

General Stats
  • This quiz has been taken 26 times
    16 since last reset
  • The average score is 39 of 70
Answer Stats
大学名 現所属 ポジション 選手名 % Correct
明治 阪神 捕手 坂本誠志郎
93%
早稲田 ロッテ 内野手 中村奨吾
93%
明治 DeNA 外野手 佐野恵太
86%
明治 中日 投手 柳裕也
86%
明治 広島 投手 森下暢仁
86%
明治 西武 捕手 小島大河
79%
早稲田 楽天 投手 早川隆久
79%
早稲田 ロッテ 投手 小島和哉
79%
明治* DeNA 投手 竹田祐
71%
明治 ヤクルト 投手 星知弥
71%
法政 DeNA 投手 石田健大
71%
法政* 中日 捕手 木下拓哉
71%
慶應 巨人 外野手 萩尾匡也
71%
慶應 中日 内野手 山本泰寛
71%
慶應 ソフトバンク 外野手 正木智也
71%
明治 DeNA 投手 伊勢大夢
64%
明治 DeNA 投手 入江大生
64%
明治 中日 内野手 村松開人
64%
明治 楽天 内野手 宗山塁
64%
早稲田 阪神 投手 大竹耕太郎
64%
早稲田* 巨人 投手 高梨雄平
64%
早稲田 西武 外野手 蛭間拓哉
64%
法政 DeNA 投手 篠木健太郎
64%
立教 阪神 内野手 熊谷敬宥
64%
立教 楽天 外野手 田中和基
64%
慶應 ヤクルト 投手 拓也
64%
慶應 日本ハム 捕手 郡司裕也
64%
明治* 中日 内野手 阿部寿樹
57%
明治 ヤクルト 外野手 丸山和郁
57%
明治 日本ハム 投手 上原健太
57%
明治 ロッテ 内野手 上田希由翔
57%
早稲田 ヤクルト 内野手 茂木栄五郎
57%
早稲田 日本ハム 内野手 山縣秀
57%
早稲田 西武 内野手 石井一成
57%
法政 巨人 投手 石川達也
57%
法政 ロッテ 投手 鈴木昭汰
57%
立教* ヤクルト 捕手 松本直樹
57%
慶應 ヤクルト 投手 木澤尚文
57%
慶應 ソフトバンク 外野手 柳町達
57%
慶應 日本ハム 投手 福谷浩司
57%
明治 ソフトバンク 投手 村田賢一
50%
明治 日本ハム 投手 山﨑福也
50%
明治 ロッテ 投手 毛利海大
50%
早稲田 巨人 投手 田和廉
50%
早稲田 日本ハム 投手 有原航平
50%
法政 巨人 外野手 岡田悠希
50%
立教 楽天 投手 荘司康誠
50%
慶應 DeNA 投手 橋本達弥
50%
慶應 オリックス 外野手 渡部遼人
50%
明治* 阪神 内野手 糸原健斗
43%
立教 DeNA 投手 中川颯
43%
立教 オリックス 内野手 大城滉二
43%
立教 ロッテ 投手 澤田圭佑
43%
慶應* ヤクルト 投手 増居翔太
43%
慶應 ソフトバンク 内野手 廣瀨隆太
43%
明治 日本ハム 投手 大川慈英
36%
明治 楽天 内野手 渡邊佳明
36%
明治 ロッテ 外野手 岡大海
36%
法政* 巨人 投手 森田駿哉
36%
法政 ヤクルト 内野手 松下歩叶
36%
法政 オリックス 捕手 村上喬一朗
36%
慶應 ロッテ 捕手 植田将太
36%
明治 ヤクルト 投手 石原勇輝
29%
明治 日本ハム 投手 浅利太門
29%
早稲田 楽天 外野手 吉納翼
29%
法政 日本ハム 投手 山城航太郎
29%
法政 西武 捕手 是澤涼輔
29%
慶應 楽天 投手 津留﨑大成
29%
早稲田 楽天 投手 西垣雅矢
21%
慶應* 広島 投手 長谷部銀次
21%
No matching quizzes found
Score Distribution
Percent of People with Each Score
Percentile by Number Answered
Your Score History
You have not taken this quiz since the last reset